Výskum viac fázových tokov v hydraulických kanáloch veľmi malých rozmerov

Salvato in:
Dettagli Bibliografici
Autore principale: Mlkvik, Marek, 1984- (Autore)
Altri autori: Olšiak, Róbert, 1966- (xxx)
Natura: Libro
Lingua:slovacco
Pubblicazione: Bratislava : STU v Bratislave, 2012
Edizione:1. vyd.
Soggetti:
Tags: Aggiungi Tag
Nessun Tag, puoi essere il primo ad aggiungerne!!

MARC

LEADER 00000nam a22000003a 4500
001 stu254909
005 20150617230201.2
008 120927s--------xo------------------slo-d
040 |a STU  |b slo 
041 0 |a slo 
044 |a xo 
100 1 |a Mlkvik, Marek,  |d 1984-  |4 aut  |u J0040  |U SjF Strojnícka fakulta  |T SjF Ústav chemických a hydraulických strojov a zariadení  |X 13109  |U J0040  |Y 807  |7 A000013109 
245 1 |a Výskum viac fázových tokov v hydraulických kanáloch veľmi malých rozmerov 
250 |a 1. vyd. 
260 |a Bratislava :  |b STU v Bratislave,  |c 2012 
300 |a 109 s 
650 7 |a energetika  |2 stusub 
700 1 |a Olšiak, Róbert,  |d 1966-  |4 xxx  |u J0040  |U SjF Strojnícka fakulta  |T SjF Ústav chemických a hydraulických strojov a zariadení  |X 2339  |U J0040  |Y 807  |7 A000002339 
996 |b 284J040578  |c J*115351  |l JJST  |s P  |a 0  |w stu254909_0001